Normal view
MARC view
- Strange, William
Entry Personal Name
001 - CONTROL NUMBER
- control field: 50120
003 - CONTROL NUMBER IDENTIFIER
- control field: NUST
005 - DATE AND TIME OF LATEST TRANSACTION
- control field: 20210314134531.0
008 - FIXED-LENGTH DATA ELEMENTS
- fixed length control field: 210314|| aca||aabn | a|a d
040 ## - CATALOGING SOURCE
- Original cataloging agency: NUST
- Transcribing agency: NUST
100 ## - HEADING--PERSONAL NAME
- Personal name: Strange, William
670 ## - SOURCE DATA FOUND
- Source citation: Work cat.: (NUST): Strange, William, Canada, the Pacific and War, 1937
